El principito Antoine de Saint - Exupéry ; introducción Arturo Alvarado (Registro nro. 9966)

Detalles MARC
000 -CABECERA
Longitud fija campo de control 00990nam a2200289 a 4500
003 - • IDENTIFICADOR DELl NÚMERO DE CONTROL
Identificador del número de control CO-ViMGA
008 - • CÓDIGOS DE INFORMACIÓN DE LONGITUD FIJA
Códigos de información de longitud fija 141112s2004 ck r 000 u spa d
020 ## - • NÚMERO INTERNACIONAL NORMALIZADO PARA LIBROS
Número Internacional Normalizado para Libros (ISBN) 9588211312
040 ## - FUENTE DE LA CATALOGACIÓN
Centro catalogador de origen CO-ViMGA
Lengua de catalogación spa
Centro transcriptor CO-ViMGA
041 ## - • CÓDIGO DE LENGUA
Código de lengua del texto/banda sonora o título independiente spa
043 ## - CÓDIGO DE ÁREA GEOGRÁFICA
Código de área geográfica e - fr - - -
082 04 - • NÚMERO DE LA CLASIFICACIÓN DECIMAL DEWEY
Número de clasificación (R) I843 S14a1 2011
100 1# - • PUNTO DE ACCESO PRINCIPAL-NOMBRE DE PERSONA
Nombre de persona Saint - Exupéry, Antoine de 1900 - 1944
245 10 - • TITULO PROPIAMENTE DICHO
Título El principito Antoine de Saint - Exupéry ; introducción Arturo Alvarado
300 ## - • DESCRIPCIÓN FÍSICA
Extensión 95 p. ilustraciones 21 cm.
541 ## - NOTA DE FUENTE DE ADQUISICIÓN DIRECTA
-- 9.000; 1 c.
546 ## - • NOTA DEL IDIOMA
Nota de lengua Texto en Español, traducción paralela en Inglés.
596 ## -
-- 2
650 14 - • PUNTO DE ACCESO ADICIONAL DE MATERIA - TÉRMINO DE MATERIA
Término de materia o nombre geográfico como elemento inicial Cuentos infantiles franceses
700 1# - • PUNTO DE ACCESO ADICIONAL - NOMBRE DE PERSONA
Nombre de persona Alvarado, Arturo Pról.
926 ## -
-- B - GENERAL PRESTADO I843 S14A1 2011 LITERATURA 2/2/2015 1
942 ## - ENTRADA DE ELEMENTOS AGREGADOS (KOHA)
Fuente de clasificaión o esquema Dewey Decimal Classification
Koha [por defecto] tipo de item LIbro
Existencias
Perdido Fuente de clasificación o esquema Estado Físico No para préstamo Forma de adquisición Localización permanente Localización actual Fecha adquisición Serie de enumeración / cronolog&íacute;a Préstamos totales Signatura completa Código de barras Fecha última consulta Número de copia Fecha del precio de reemplazo Tipo de item de Koha
  Dewey Decimal Classification     Sala General Estacion de Lectura Apiay - Villavicencio Estacion de Lectura Apiay - Villavicencio 12/04/2015 06/ene/2015   I843 S14a1 2011 28053 12/04/2015 Ej. 1 12/04/2015 LIbro









Instituto Departamental de Cultura del Meta - Red Departamental de Bibliotecas Públicas del Meta.